000 00447nam a2200181Ia 4500
001 1959
005 20260306143807.0
008 260306t2013||||xx |||||||||||||| ||spa||
041 _aESP
082 _a158.7
_bD48
100 _aCarvajal, Juan Carlos
_eAUT
245 0 _aPsicologĂ­a organizacional:
_bperspectivas y avances
260 _c2013
300 _a222 páginas :
_c24 cm.
650 _aGEN
654 _aCPS
942 _cLIB
_dJUS
_fJUS
_2ddc
_n
999 _c1959
_d1959